000 00775nam a22002537a 4500
999 _c134298
_d134298
003 dpl
005 20210215123431.0
008 210215b ||||| |||| 00| 0 eng d
010 _aB-162135
020 _c550.00
_a8122006949
035 _aB-162135
037 _bCen Lib/Ret
040 _aDPL
_bEN
_cDBAD/PUB
082 _a327.54
_bDIX
100 _aDixit, J.N.
_940365
245 _aIndian foreign service :history and challenge /
_cby J.N. Dixit
260 _aNew Delhi
_bKonark Publishers
_c2005
270 _bNew Delhi
_aA-149, main vikas marg
_e110092
300 _ax, 328p.
_c23cm(Hb)
500 _aIncludes appendix and index
650 _aPolitical science
_940366
650 _aCivil service
_940367
942 _2ddc
_cEN
_h327.54
_mDIX